[Event "Olympiad-44"]
[Site "Chennai"]
[Date "2022.07.30"]
[Round "2.1"]
[White "Gerena Rivas, Eliam"]
[Black "Tan, Santiago Jr"]
[Result "1-0"]
[WhiteElo "2102"]
[BlackElo "1872"]
[PlyCount "83"]
[EventDate "2022.07.29"]
[EventType "team-swiss"]
[EventRounds "11"]
[EventCountry "IND"]
[SourceTitle "CBM 210"]
[Source "ChessBase"]
[SourceDate "2022.10.31"]
[SourceVersion "1"]
[SourceVersionDate "2022.10.31"]
[SourceQuality "1"]
[WhiteTeam "Puerto Rico"]
[BlackTeam "Palau"]
[WhiteTeamCountry "PUR"]
[BlackTeamCountry "PAL"]

1. e4 c6 2. d4 d5 3. exd5 cxd5 4. Bd3 Nc6 5. c3 Nf6 6. Bf4 e6 7. Nd2 Bd6 8. Bxd6 Qxd6 9. Ngf3 h6 10. Qe2 a6 11. a4 0-0 12. 0-0 Re8 13. Ne5 Bd7 14. f4 Ne7 15. g4 Nh7 16. Bxh7+ Kxh7 17. Nxf7 Qb6 18. Ne5 Rad8 19. Qd3+ Kg8 20. b4 Rf8 21. Nb3 Qd6 22. Nc5 Bc8 23. a5 Rf6 24. Rf3 Rdf8 25. Raf1 Qd8 26. Qe3 Qe8 27. R1f2 Ng6 28. Ncd3 Ne7 29. h4 h5 30. g5 Nf5 31. Qe2 R6f7 32. Ng6 Rf6 33. gxf6 Qxg6+ 34. Rg2 Qxf6 35. Rg5 Bd7 36. Nc5 Bc8 37. Rf2 Nxh4 38. Qxh5 Nf5 39. Rh2 Qe7 40. Qh7+ Kf7 41. Qg6+ Kg8 42. Rgh5 1-0

[Event "Olympiad-44"]
[Site "Chennai"]
[Date "2022.07.29"]
[Round "1.1"]
[White "Tan, Santiago Jr"]
[Black "Petkov, Momchil"]
[Result "0-1"]
[WhiteElo "1872"]
[BlackElo "2510"]
[PlyCount "58"]
[EventDate "2022.07.29"]
[EventType "team-swiss"]
[EventRounds "11"]
[EventCountry "IND"]
[SourceTitle "CBM 210"]
[Source "ChessBase"]
[SourceDate "2022.10.31"]
[SourceVersion "1"]
[SourceVersionDate "2022.10.31"]
[SourceQuality "1"]
[WhiteTeam "Palau"]
[BlackTeam "Bulgaria"]
[WhiteTeamCountry "PAL"]
[BlackTeamCountry "BUL"]

1. e4 c5 2. Nf3 d6 3. Bc4 Nf6 4. Nc3 e6 5. d3 Be7 6. h3 0-0 7. 0-0 Nc6 8. Bf4 Nd7 9. a3 Kh8 10. Ne2 e5 11. Be3 Nb6 12. Ba2 f5 13. exf5 Bxf5 14. Ng3 Bg6 15. Qd2 d5 16. Bg5 Nd4 17. Bxe7 Nxf3+ 18. gxf3 Qxe7 19. Kg2 Qh4 20. Rae1 Bh5 21. Nxh5 Qxh5 22. Qe3 Rf5 23. Rh1 Raf8 24. Re2 Rxf3 25. Qxc5 R3f5 26. Qe3 d4 27. Qd2 Qf3+ 28. Kg1 R8f6 29. Rh2 Rg6+ 0-1

[Event "Olympiad-43"]
[Site "Batumi"]
[Date "2018.10.05"]
[Round "11.2"]
[White "Tan, Santiago Jr"]
[Black "Fernandes, Tomas"]
[Result "1-0"]
[WhiteElo "1823"]
[BlackElo "1627"]
[PlyCount "95"]
[EventDate "2018.09.24"]
[EventType "team-swiss"]
[EventRounds "11"]
[EventCountry "GEO"]
[SourceTitle "CBM 187"]
[Source "ChessBase"]
[SourceDate "2018.12.11"]
[SourceVersion "1"]
[SourceVersionDate "2018.12.11"]
[SourceQuality "1"]
[WhiteTeam "Palau"]
[BlackTeam "Timor Leste"]
[WhiteTeamCountry "PAL"]

1. d4 Nf6 2. Bf4 e6 3. e3 Bb4+ 4. c3 Be7 5. Nf3 d5 6. Bd3 0-0 7. Nbd2 c5 8. Rc1 Nbd7 9. 0-0 Re8 10. Bb1 b6 11. Re1 Bb7 12. h3 a5 13. a4 Bf8 14. Qc2 Rc8 15. Ne5 g6 16. Bg5 Bg7 17. f4 cxd4 18. exd4 Qc7 19. Qd3 Nxe5 20. fxe5 Nd7 21. Rf1 Bc6 22. Bc2 Rb8 23. Qf3 Nf8 24. h4 h5 25. Rf2 Rb7 26. Nf1 Nh7 27. g4 Nxg5 28. hxg5 Qe7 29. Qf4 hxg4 30. Qxg4 b5 31. axb5 Bxb5 32. Ne3 Reb8 33. Ra1 Bc6 34. Ra2 Qd8 35. Bxg6 Be8 36. Bd3 a4 37. Qf4 Rb3 38. Ng4 R8b7 39. Nf6+ Kf8 40. g6 Bxf6 41. exf6 fxg6 42. Qh6+ Kg8 43. Bxg6 Bxg6 44. Qxg6+ Kf8 45. Rh2 Qxf6 46. Qxf6+ Ke8 47. Rxa4 Kd7 48. Ra6 1-0

[Event "Olympiad-43"]
[Site "Batumi"]
[Date "2018.09.28"]
[Round "5.90"]
[White "Tan, Santiago Jr"]
[Black "Amewounou, Komlan Kouessan"]
[Result "1-0"]
[WhiteElo "1823"]
[BlackElo "1758"]
[PlyCount "105"]
[EventDate "2018.09.24"]
[EventType "team-swiss"]
[EventRounds "11"]
[EventCountry "GEO"]
[SourceTitle "CBM 187"]
[Source "ChessBase"]
[SourceDate "2018.12.11"]
[SourceVersion "1"]
[SourceVersionDate "2018.12.11"]
[SourceQuality "1"]
[WhiteTeam "Palau"]
[BlackTeam "Togo"]
[WhiteTeamCountry "PAL"]
[BlackTeamCountry "TOG"]

1. e4 d6 2. Nc3 Nf6 3. d4 g6 4. Nf3 Bg7 5. h3 a6 6. Be3 b5 7. a3 Bb7 8. Bd3 Nbd7 9. Qd2 c5 10. d5 0-0 11. Bh6 Qa5 12. Bxg7 Kxg7 13. 0-0 Qc7 14. Rfe1 e6 15. dxe6 fxe6 16. Qe3 e5 17. Rad1 c4 18. Bf1 Nc5 19. Nd5 Nxd5 20. exd5 Rf6 21. Re2 Raf8 22. Rdd2 h6 23. Nh2 Bc8 24. g3 Na4 25. b3 Nb6 26. Bg2 a5 27. Qc3 Qc5 28. b4 Na4 29. bxc5 Nxc3 30. Re3 b4 31. axb4 axb4 32. cxd6 Re8 33. Ng4 Bxg4 34. hxg4 Rxd6 35. f4 e4 36. Rd4 Rxd5 37. Rxc4 Rd7 38. Rxb4 Ree7 39. Rxc3 e3 40. Rb1 e2 41. Re1 Rd1 42. Kf2 h5 43. gxh5 gxh5 44. Rxe2 Rf7 45. Kf3 Rd4 46. Rd3 Rc4 47. Bh3 Rf6 48. f5 h4 49. g4 Rfc6 50. g5 Rxc2 51. Rxc2 Rxc2 52. Kg4 Rc4+ 53. Kh5 1-0

[Event "Olympiad-43"]
[Site "Batumi"]
[Date "2018.09.26"]
[Round "3.89"]
[White "Wazwaz, Amjad"]
[Black "Tan, Santiago Jr"]
[Result "1-0"]
[WhiteElo "1986"]
[BlackElo "1823"]
[PlyCount "155"]
[EventDate "2018.09.24"]
[EventType "team-swiss"]
[EventRounds "11"]
[EventCountry "GEO"]
[SourceTitle "CBM 187"]
[Source "ChessBase"]
[SourceDate "2018.12.11"]
[SourceVersion "1"]
[SourceVersionDate "2018.12.11"]
[SourceQuality "1"]
[WhiteTeam "Palestine"]
[BlackTeam "Palau"]
[WhiteTeamCountry "PLE"]
[BlackTeamCountry "PAL"]

1. Nf3 d6 2. e4 e6 3. d4 Nd7 4. Bc4 Ne7 5. 0-0 Ng6 6. Nc3 Be7 7. Qe2 0-0 8. Bd2 c6 9. Rad1 Qc7 10. Rfe1 e5 11. Bb3 a6 12. Be3 b5 13. dxe5 dxe5 14. Ng5 Nf6 15. h3 h6 16. Nf3 Nh7 17. Rd3 a5 18. a3 b4 19. axb4 axb4 20. Na4 Ba6 21. Nb6 Rad8 22. Nc4 c5 23. Red1 Rd4 24. Bxd4 cxd4 25. Nfd2 Bg5 26. Rf3 Nf4 27. Qf1 Bf6 28. Ra1 Bb5 29. g3 Ne6 30. Ba4 Ba6 31. b3 Nc5 32. h4 Bc8 33. g4 Bxg4 34. Rg3 h5 35. f3 Be6 36. Qg2 g6 37. Qh2 Ra8 38. Nb2 Bd7 39. Ndc4 Bxa4 40. bxa4 Ra6 41. a5 Qa7 42. Kh1 Nf8 43. Rgg1 Qe7 44. Nb6 Bg7 45. Nd5 Qd8 46. Nc4 b3 47. cxb3 Nxb3 48. Ra3 Nc5 49. Rb1 Nfe6 50. Rb6 Nc7 51. Nb4 d3 52. Nxa6 N7xa6 53. Rd6 Qb8 54. Qb2 Qc8 55. Kg2 Nxe4 56. fxe4 Qxc4 57. Rxa6 Qxa6 58. Qd2 Qe6 59. Qxd3 Qg4+ 60. Kf1 Qxh4 61. a6 Qh1+ 62. Ke2 Qg2+ 63. Kd1 Qg1+ 64. Kc2 Qa7 65. Qe3 Qc7+ 66. Rc3 Qa5 67. a7 Kh7 68. Ra3 Qc7+ 69. Qc3 Qb6 70. a8Q Qf2+ 71. Qd2 Qf1 72. Qad5 Bh6 73. Q5d3 Qf6 74. Ra6 Qe7 75. Qa5 Qg5 76. Qf1 Bg7 77. Qd5 Qe3 78. Qdc4 1-0

[Event "Olympiad-43"]
[Site "Batumi"]
[Date "2018.09.24"]
[Round "1.65"]
[White "Tan, Santiago Jr"]
[Black "Rahman, Ziaur"]
[Result "0-1"]
[WhiteElo "1823"]
[BlackElo "2477"]
[PlyCount "96"]
[EventDate "2018.09.24"]
[EventType "team-swiss"]
[EventRounds "11"]
[EventCountry "GEO"]
[SourceTitle "CBM 187"]
[Source "ChessBase"]
[SourceDate "2018.12.11"]
[SourceVersion "1"]
[SourceVersionDate "2018.12.11"]
[SourceQuality "1"]
[WhiteTeam "Palau"]
[BlackTeam "Bangladesh"]
[WhiteTeamCountry "PAL"]
[BlackTeamCountry "BAN"]

1. d4 d5 2. e3 Nf6 3. Bd3 c5 4. c3 Nc6 5. Nf3 Bg4 6. h3 Bh5 7. Nbd2 e6 8. a3 Bg6 9. Qe2 cxd4 10. exd4 Bd6 11. b4 Qc7 12. Bb2 0-0 13. Bxg6 hxg6 14. Qd3 e5 15. dxe5 Nxe5 16. Nxe5 Bxe5 17. 0-0 Rac8 18. Rac1 Bh2+ 19. Kh1 Bf4 20. Rcd1 Bxd2 21. Qxd2 Qc4 22. Qd4 Qb3 23. Rb1 b6 24. Qd1 Qa2 25. f3 Rfe8 26. Re1 Rxe1+ 27. Qxe1 Re8 28. Qd1 Nh5 29. Ra1 Qxb2 30. Rb1 Qa2 31. Ra1 Qc4 32. Qd4 Qxd4 33. cxd4 Rc8 34. Re1 Kf8 35. Re5 Nf4 36. h4 f6 37. Re3 Kf7 38. g3 Rc1+ 39. Kh2 Rc2+ 40. Kh1 Ne2 41. g4 Nxd4 42. Rd3 Nc6 43. f4 Ke6 44. Re3+ Kd6 45. h5 d4 46. Rd3 Rc3 47. Rd2 d3 48. hxg6 Rc1+ 0-1